Statistics for Celebrities Real Names

Click here to take the quiz!

General Stats

  • This quiz has been taken 30 times
  • The average score is 4 of 15

Answer Stats

What They Go ByTheir Birth Name% Correct
EminemMarshall Mathers
85%
Elton JohnReginald Dwight
54%
RihannaRobyn Fenty
42%
The WeekndAbel Tesfaye
27%
StingGordon Summer
27%
LudacrisChristopher Bridges
19%
Tina FeyElizabeth Fey
19%
ShaggyOrville Burrell
19%
Whoopi GoldbergCaryn Johnson
15%
NellyCornell Hayes
15%
Jamie FoxxEric Bishop
15%
Ke$haKesha Sebert
15%
Stevie WonderStevland Judkins
12%
CommonLonnie Lynn
8%
Ralph LaurenRalph Lifshitz
8%

Score Distribution

Percentile by Number Answered

Percent of People with Each Score

Your Score History

You have not taken this quiz